Personnage de jeux vidéos 1 - Statistiques

Statistiques générales
  • Ce quiz a été pris 2 281 fois
  • Le résultat moyen est 12 sur 16
Statistiques - réponses
Par images Réponse % Correct
Mario
100%
Sonic
100%
Luigi
98%
Lara Croft
94%
Link
94%
Steve
87%
Kratos
80%
Trevor
78%
Miles Morales
72%
Franklin
69%
Michael
63%
Ryu
57%
Samus
57%
Ellie
56%
Arthur Morgan
34%
Abe
11%
Aucun quiz correspondant
Distribution des résultats
% des personnes avec chaque résultat
Percentile par nombre de réponses
Votre historique - résultats
Vous n’avez pas pris ce quiz